[Event "Odense-ch Mester-1 2018"]
[Site "Odense"]
[Date "2018.10.12"]
[Round "1"]
[White "Ostergaard, Rasmus"]
[Black "Thorsbro, Peter"]
[Result "1-0"]
[WhiteElo "2114"]
[BlackElo "2101"]
[Annotator "ChessBase"]
[PlyCount "30"]
[EventDate "2018.10.12"]
[EventType "tourn"]
[EventCountry "DEN"]
[SourceTitle "playchess.com"]
[Source "ChessBase"]
[SourceQuality "1"]
[TimeControl "40/5400+30:1800+30"]

1. d4 {[%emt 0:00:00]} Nf6 {[%emt 0:00:00]} 2. Bg5 {[%emt 0:00:00]} d5 {[%emt 0:00:18]} 3. e3 {[%emt 0:00:12]} c6 {[%emt 0:01:23]} 4. Bd3 {[%emt 0:02:11]} g6 {[%emt 0:03:02]} 5. Nf3 {[%emt 0:01:55]} Bg7 {[%emt 0:00:10]} 6. O-O {[%emt 0:00:28]} O-O {[%emt 0:00:39]} 7. c4 {[%emt 0:00:23]} Re8 {[%emt 0:01:34]} 8. cxd5 {[%emt 0:00:47]} cxd5 {[%emt 0:00:07]} 9. Nc3 {[%emt 0:00:19]} Nc6 {[%emt 0:00:36]} 10. Qb3 {[%emt 0:00:51]} e6 {[%emt 0:06:40]} 11. h3 {[%emt 0:00:29]} Na5 {[%emt 0:04:07]} 12. Qc2 {[%emt 0:00:15]} Bd7 {[%emt 0:00:19]} 13. Ne5 {[%emt 0:07:46]} Qc7 {[%emt 0:06:25]} 14. Bxf6 {[%emt 0:00:39]} Bxf6 {[%emt 0:00:03]} 15. Nxd5 {[%emt 0:00:14]} Bxe5 1-0

[Event "Odense-ch Mester-1 2018"]
[Site "Odense"]
[Date "2018.10.12"]
[Round "1"]
[White "Le Besq, Alexander"]
[Black "Easwaralingam, Adesh"]
[Result "1/2-1/2"]
[WhiteElo "2113"]
[BlackElo "2159"]
[Annotator "TA"]
[PlyCount "128"]
[EventDate "2018.10.12"]
[EventType "tourn"]
[EventCountry "DEN"]
[SourceTitle "playchess.com"]
[Source "ChessBase"]
[SourceQuality "1"]

{[%evp 19,128,26,35,-6,4,-16,-16,-16,-11,-28,0,-6,0,-12,0,-4,-8,-43,-10,-8,0,0,18,13,26,11,62,66,70,61,148,140,156,159,176,175,170,110,112,115,141,165,167,179,501,440,457,459,445,435,420,245,249,0,395,372,358,287,277,132,230,143,215,157,243,244,223,272,625,619,627,0,0,-229,-247,-552,-632,-627,-620,-478,-39,-39,-39,-39,-39,-39,-39,-39,-39,-39,-39,-39,-39,-29956,-39,-39,-39,-39,-39,-39,-39,-39,-8,-39,-8,-8,0,-39,0,-8,0]} 1. e4 c5 2. Nf3 e6 3. d4 cxd4 4. Nxd4 Nc6 5. Nc3 Qc7 6. Be3 a6 7. Be2 Nf6 8. O-O b5 9. Nxc6 dxc6 10. f4 e5 {LiveBook: 16 Games. B49: Sicilian: Taimanov: 5 Nc3 Qc7 6 Be3 a6 7 Be2} (10... b4 11. Na4 c5 12. c3 Rb8 13. cxb4 Rxb4 14. Rc1 Nxe4 15. a3 Rb8 16. Bf3 Bb7 17. Bxe4 Bxe4 18. Bxc5 Rxb2 19. Nxb2 Bxc5+ {½-½ (50) Tan,Z (2530)-Dzagnidze,N (2519) Wenzhou 2018}) 11. Kh1 Bd6 {[%cal Re5f4]} 12. Bb6 Qe7 $1 13. Bf3 $146 ({Predecessor:} 13. Qd3 Be6 14. Rad1 Bc5 15. fxe5 Nd7 16. Bc7 Bc4 17. Qg3 Bxe2 18. Bd6 Bxd6 19. exd6 {1-0 (38) Hohm,K-Voss,G Germany 1996}) 13... O-O 14. f5 Nd7 15. Bf2 Bc5 16. Qe1 a5 17. Bh4 $36 {[%mdl 2048] White has some pressure.} f6 18. Be2 Qf7 19. Rf3 Ba6 20. Qf1 Nb8 21. Rd1 Bd4 22. Bf2 b4 (22... Qa7 $11) 23. Na4 Bxe2 24. Qxe2 Bxf2 (24... Nd7 $1 $14) 25. Qxf2 $16 Na6 26. Rfd3 $1 Qe7 27. Qb6 Qc7 28. Qxc7 (28. Rd6 $18) 28... Nxc7 29. Nc5 Rac8 30. Rd7 Rfe8 31. R1d3 Kf8 $2 (31... Kh8 {is tougher.} 32. Kg1 Nb5) 32. Rg3 Red8 33. Rgxg7 Rxd7 34. Rxd7 $18 {[%mdl 4096] Endgame KRN-KRN} Kg8 35. Rd6 (35. Re7 $142) 35... Ne8 36. Rd7 (36. Rd1 $142) 36... Nc7 37. h4 Nb5 38. Ne6 c5 39. Rg7+ Kh8 40. Rf7 Nd4 (40... Nd6 $16 {was called for.} 41. Rxf6 Nxe4) 41. Rxf6 {aiming for Ng5.} Nxc2 (41... Kg8 $16 {keeps fighting.} 42. Ng5 Nxc2) 42. Rf7 Nd4 43. Ng5 {White wants to mate with f6.} Kg8 $2 (43... h6) 44. Rxh7 Rc6 {intending ...c4.} 45. Ra7 $2 (45. h5 $18) 45... c4 $1 $11 46. f6 $2 (46. Rxa5 $11 c3 47. bxc3 (47. Ra8+ Kg7 $11) 47... bxc3 48. Ra8+ (48. Rxe5 $2 c2 $19) 48... Kg7 49. Ra7+ Kg8 50. Ra8+ Kg7 51. Ra7+ Kg8 52. Ra8+) 46... Rxf6 $19 {Threatens to win with ...c3.} 47. Rc7 $2 (47. Ra8+ {was the crucial defense.} Rf8 48. Rxa5) 47... Rc6 $1 {[%cal Rc6c7]} 48. Rxc6 Nxc6 {KN-KN} 49. Ne6 {[#]} c3 $2 ({Better is} 49... Nd4 $1 $19 {[%cal Rd4e6]} 50. Nc5 Ne2) 50. bxc3 $15 bxc3 51. Nc5 Nb4 52. Nb3 $1 {Black should prevent Nc1.} Nxa2 53. Nxa5 c2 54. Nb3 c1=Q+ 55. Nxc1 Nxc1 {KN-K3P} 56. g4 $2 {[%mdl 8192] [#]} (56. Kh2 $15) 56... Nd3 $2 (56... Nb3 $1 {mates} 57. Kg2 Kg7 58. Kf3 Nd2+ 59. Ke3 Nc4+ 60. Kd3 Nd6 61. Ke3 Kh7 62. Kd3 Kg7 63. Ke3 Kg6 64. Kd3 Ne8 65. Ke3 Nd6 66. Kd3 Kf7 67. Ke3 Kg6) 57. Kg2 Kg7 58. Kf3 Kg6 59. Ke3 Nf4 {And now ...Ng2+ would win.} 60. Kf3 Kf6 61. Kf2 Ke6 62. Kf3 Kf6 63. Kf2 Ke6 64. Kf3 Kf6 {Precision: White = 57%, Black = 35%.} 1/2-1/2

[Event "Odense-ch Mester-1 2018"]
[Site "Odense"]
[Date "2018.10.12"]
[Round "1"]
[White "Rossen, Claus"]
[Black "Filip Rendboe (2088), FM John"]
[Result "0-1"]
[WhiteElo "2104"]
[BlackElo "2088"]
[Annotator "ChessBase"]
[PlyCount "28"]
[EventDate "2018.10.12"]
[EventType "tourn"]
[EventCountry "DEN"]
[SourceTitle "playchess.com"]
[Source "ChessBase"]
[SourceQuality "1"]
[TimeControl "40/5400+30:1800+30"]

1. e4 {[%emt 0:00:00]} c5 {[%emt 0:00:00]} 2. Nf3 {[%emt 0:00:00]} Nc6 {[%emt 0:00:00]} 3. d4 {[%emt 0:00:02]} cxd4 {[%emt 0:00:00]} 4. Nxd4 {[%emt 0:00:05]} Nf6 {[%emt 0:01:00]} 5. Nc3 {[%emt 0:00:20]} e5 {[%emt 0:00:13]} 6. Ndb5 {[%emt 0:00:16]} d6 {[%emt 0:00:21]} 7. Nd5 {[%emt 0:00:06]} Nxd5 {[%emt 0:00:48]} 8. exd5 {[%emt 0:00:07]} Ne7 {[%emt 0:04:22]} 9. c3 {[%emt 0:02:18]} Nf5 {[%emt 0:01:43]} 10. g4 {[%emt 0:21:20]} Nh4 {[%emt 0:12:26]} 11. Qa4 {[%emt 0:01:32]} Bd7 {[%emt 0:01:15]} 12. Qb4 {[%emt 0:00:28]} a6 {[%emt 0:03:24]} 13. Nxd6+ {[%emt 0:07:09]} Bxd6 {[%emt 0:00:19]} 14. Qxd6 {[%emt 0:00:07]} Nf3+ 0-1

[Event "Odense-ch Mester-1 2018"]
[Site "Odense"]
[Date "2018.10.12"]
[Round "1"]
[White "Thestrup Østergaard (2075), Rasmus"]
[Black "Thorsbro, Peter"]
[Result "1-0"]
[WhiteElo "2075"]
[BlackElo "2101"]
[Annotator "ChessBase"]
[PlyCount "29"]
[EventDate "2018.10.12"]
[EventType "tourn"]
[EventCountry "DEN"]
[SourceTitle "playchess.com"]
[Source "ChessBase"]
[SourceQuality "1"]
[TimeControl "40/5400+30:1800+30"]

1. d4 {[%emt 0:00:00]} Nf6 {[%emt 0:00:00]} 2. Bg5 {[%emt 0:00:00]} d5 {[%emt 0:00:18]} 3. e3 {[%emt 0:00:12]} c6 {[%emt 0:01:23]} 4. Bd3 {[%emt 0:02:11]} g6 {[%emt 0:03:02]} 5. Nf3 {[%emt 0:01:55]} Bg7 {[%emt 0:00:10]} 6. O-O {[%emt 0:00:28]} O-O {[%emt 0:00:39]} 7. c4 {[%emt 0:00:23]} Re8 {[%emt 0:01:34]} 8. cxd5 {[%emt 0:00:47]} cxd5 {[%emt 0:00:07]} 9. Nc3 {[%emt 0:00:19]} Nc6 {[%emt 0:00:36]} 10. Qb3 {[%emt 0:00:51]} e6 {[%emt 0:06:40]} 11. h3 {[%emt 0:00:29]} Na5 {[%emt 0:04:07]} 12. Qc2 {[%emt 0:00:15]} Bd7 {[%emt 0:00:19]} 13. Ne5 {[%emt 0:07:46]} Qc7 {[%emt 0:06:25]} 14. Bxf6 {[%emt 0:00:39]} Bxf6 {[%emt 0:00:03]} 15. Nxd5 {[%emt 0:00:14]} 1-0

[Event "Odense-ch Mester-1 2018"]
[Site "Odense"]
[Date "2018.10.13"]
[Round "2"]
[White "Easwaralingam, Adesh"]
[Black "Thorsbro, Peter"]
[Result "0-1"]
[WhiteElo "2159"]
[BlackElo "2101"]
[Annotator "TA"]
[PlyCount "84"]
[EventDate "2018.10.12"]
[EventType "tourn"]
[EventCountry "DEN"]
[SourceTitle "playchess.com"]
[Source "ChessBase"]
[SourceQuality "1"]

{[%evp 20,84,44,53,60,50,58,62,73,75,112,102,131,144,124,79,111,50,36,21,52,-10,-14,-35,-39,-126,-139,-142,-129,-277,-276,-275,-265,-262,-278,-258,-274,-253,-252,-366,-262,-266,-120,-117,-109,-109,-99,-145,-105,-109,-81,-237,-124,-244,-244,-692,-669,-648,-640,-969,-969,-941,-925,-840,-772,-700,-649]} 1. e4 e5 2. Nf3 Nc6 3. Bb5 a6 4. Ba4 Nf6 5. Qe2 b5 6. Bb3 Be7 7. c3 O-O 8. d4 d6 9. O-O Bg4 10. Rd1 Qb8 {C86: Closed Ruy Lopez: Worrall Attack} (10... Qc8 11. h3 Bh5 12. Bg5 Rb8 13. d5 Na5 14. Bxf6 Bxf6 15. Nbd2 Bg5 16. g4 Bxd2 17. Nxd2 Bg6 18. Nf1 f6 19. f3 {1-0 (38) Vallejo Pons,F (2717)-Tomashevsky,E (2710) Tbilisi 2017}) 11. h3 {LiveBook: 3 Games} Bxf3 12. Qxf3 Na5 {White is slightly better.} 13. Bc2 c5 14. d5 b4 15. Nd2 c4 $146 ({Predecessor:} 15... bxc3 16. bxc3 Qc7 17. Nf1 Ne8 18. g4 {1-0 (33) Michel,P-Rebizzo,C La Plata 1944}) 16. cxb4 Qxb4 17. Qc3 Rab8 18. Qxb4 (18. Nf1 $16) 18... Rxb4 $14 19. Nb1 Nb7 20. Nc3 (20. f3 $14) 20... Nc5 $11 21. Be3 Rxb2 22. Bxc5 ({Better is} 22. Rdc1 $15) 22... Rxc2 $17 23. Bb4 Rb8 24. Rab1 {[#]} (24. a3 $17 {was worth a try.}) 24... Rxb4 $1 $19 {[%mdl 512]} 25. Rxb4 Rxc3 26. Rb8+ Bf8 27. Rdb1 g6 28. f3 Kg7 29. Ra8 (29. R1b7 {was called for.}) 29... Ra3 30. Rc8 c3 ({But not} 30... Rxa2 31. Rxc4 Nh5 32. Rcb4 $19) (30... Nd7 $19 {is more deadly. And now ...Rc3 would win.} 31. Rxc4 Nc5) 31. Rb3 $17 Rxa2 {aiming for ...Nd7.} 32. Rbxc3 a5 33. Ra8 h5 34. Rc7 Kg8 35. Raa7 $2 (35. h4 $17 {keeps fighting.}) 35... h4 ({Black should try} 35... Bh6 $19 {Threatens to win with ...Be3+.} 36. Rab7 Be3+ 37. Kf1 Rf2+ 38. Ke1 Rxg2 39. Rxf7 Rb2 $1 {[%mdl 512]} 40. Rg7+ Kh8) 36. Rxf7 {[#]} (36. Rc8 $17 {is a better defense.}) 36... Bh6 $1 $19 37. Rxf6 $2 {[%mdl 4096] Endgame KRR-KRB} (37. Rab7 Be3+ 38. Kf1) 37... Be3+ {Black is clearly winning.} 38. Kf1 Bxa7 39. Rxg6+ Kf7 40. Rxd6 Bd4 41. Rd7+ Ke8 42. Rh7 Rf2+ {Precision: White = 32%, Black = 55%.} 0-1

[Event "Odense-ch Mester-1 2018"]
[Site "Odense"]
[Date "2018.10.13"]
[Round "2"]
[White "Le Besq, Alexander"]
[Black "Rossen, Claus"]
[Result "1/2-1/2"]
[WhiteElo "2113"]
[BlackElo "2104"]
[Annotator "TA"]
[PlyCount "103"]
[EventDate "2018.10.12"]
[EventType "tourn"]
[EventCountry "DEN"]
[SourceTitle "playchess.com"]
[Source "ChessBase"]
[SourceQuality "1"]

{[%evp 9,103,12,26,3,34,27,47,49,45,39,43,23,55,37,48,35,35,33,31,7,40,0,0,0,0,4,11,0,0,0,16,-7,-7,-7,-7,-7,-6,-180,-77,-74,-31,-33,-27,-98,-100,-107,-110,-181,-158,-161,-155,-165,-160,-142,-52,-211,-209,-199,-156,-165,-40,-40,-40,-40,-40,-90,-66,-72,-42,-52,-31,-48,-30,-39,-37,-45,-47,-48,-16,-11,-20,-19,0,0,0,0,0,0,0,0,0,0,0,0,0,0]} 1. e4 d6 2. d4 Nf6 3. Nc3 g6 4. Bc4 Bg7 5. Bg5 Nc6 (5... Nxe4 6. Bxf7+ Kxf7 7. Nxe4 Qd7 8. Be3 Rf8 9. Qd2 Qb5 10. O-O-O Bf5 11. Nc3 Qc4 12. f3 Nc6 13. g4 {0-1 (83) Kunte,A (2505)-Ftacnik,L (2585) Koszalin 1998}) 6. Nge2 {B07: Pirc Defence: Miscellaneous Systems} e5 7. d5 Ne7 8. Qd2 {White is slightly better.} h6 9. Bh4 $146 ({Predecessor:} 9. Be3 Ng4 10. h3 Nxe3 11. Qxe3 O-O 12. g4 c6 13. O-O-O {1-0 (55) Sopko,R (1877)-Tokar,Z (2038) Slovakia 2013}) 9... a6 10. a4 Bd7 11. f3 $1 Nh5 12. Bf2 f5 13. Bd3 O-O 14. exf5 Bxf5 15. g4 Bxd3 16. Qxd3 Nf4 17. Nxf4 Rxf4 18. Ne2 Rf7 19. O-O c6 20. c4 cxd5 21. cxd5 Qa5 $36 {[%mdl 2048] Black has some pressure.} 22. Nc3 Raf8 23. b4 $2 {[#]} (23. Bh4 $11 {and White is okay.}) 23... Qxb4 (23... Qc7 $1 $19 {is more deadly.} 24. Rac1 Rxf3) 24. Rab1 $17 e4 25. Nxe4 Qxa4 26. Ba7 (26. Bg3 $11) 26... Be5 27. Rxb7 Qa2 {[%csl Ge5][%cal Ra2h2]} 28. Nd2 (28. Rf2 $17 Qxd5 29. Qxd5 Nxd5 30. Rxf7 Kxf7 31. Ra2) 28... Qxd5 29. Qxd5 Nxd5 30. Rxf7 Rxf7 31. Bf2 Nf4 ({Better is} 31... Rc7 $17 32. Rd1 Nf4) 32. Bg3 $2 (32. Nc4 $15) 32... Rc7 $19 33. Ne4 Rc2 34. Rd1 d5 (34... a5 $19 {Strongly threatening ...a4.} 35. Bxf4 Bxf4) 35. Bxf4 $1 $15 Bxf4 36. Rxd5 Bxh2+ {[%mdl 4096] Endgame KRB-KRN} 37. Kh1 Bf4 38. Rd7 Rc6 39. Kg2 Kf8 40. Kf2 Ke8 41. Rh7 a5 42. Ra7 Bc7 {...Bb6+ is the strong threat.} 43. Ke2 Kd8 {aiming for ...Kc8.} 44. Ra8+ $1 {The position is equal.} Kd7 45. Kd3 Rb6 46. Rxa5 Rb3+ 47. Kc4 Rxf3 48. Ra6 Rf4 49. Kd5 h5 50. Rxg6 hxg4 {[#]} 51. Rxg4 $1 {[%mdl 512]} Rxg4 52. Nf6+ {Precision: White = 48%, Black = 35%.} 1/2-1/2

[Event "Odense-ch Mester-1 2018"]
[Site "Odense"]
[Date "2018.10.13"]
[Round "2"]
[White "Rendboe, John Filip"]
[Black "Ostergaard, Rasmus"]
[Result "1/2-1/2"]
[WhiteElo "2103"]
[BlackElo "2114"]
[Annotator "TA"]
[PlyCount "36"]
[EventDate "2018.10.12"]
[EventType "tourn"]
[EventCountry "DEN"]
[SourceTitle "playchess.com"]
[Source "ChessBase"]
[SourceQuality "1"]

{[%evp 24,36,32,39,41,35,52,43,44,43,41,22,22,17,25]} 1. d4 Nf6 2. c4 e6 3. Nc3 Bb4 4. e3 c5 5. Nf3 d5 6. a3 Bxc3+ 7. bxc3 Nc6 8. Bd3 O-O 9. O-O dxc4 10. Bxc4 Qc7 11. Bb5 Bd7 12. a4 a6 13. Be2 {LiveBook: 3 Games. E59: Nimzo-Indian: Rubinstein: Main Line: 7...Nc6 8 a3 Bxc3 9 bxc3 dxc4} Rfd8 14. Ba3 {[#]} Nd5 $146 ({Predecessor:} 14... e5 15. d5 e4 16. d6 Qb8 17. Nd2 Qxd6 18. Nc4 Qe7 19. Qd6 Qxd6 20. Nxd6 Bg4 21. Bxg4 Rxd6 {0-1 (57) Kveinys,A (2510)-Wojtaszek,R (2591) Lubniewice 2005}) 15. Qd3 cxd4 16. cxd4 Ncb4 17. Bxb4 Nxb4 18. Qb3 a5 $1 1/2-1/2

[Event "Odense-ch Mester-1 2018"]
[Site "Odense"]
[Date "2018.10.13"]
[Round "3"]
[White "Ostergaard, Rasmus"]
[Black "Le Besq, Alexander"]
[Result "1/2-1/2"]
[WhiteElo "2114"]
[BlackElo "2113"]
[Annotator "TA"]
[PlyCount "86"]
[EventDate "2018.10.12"]
[EventType "tourn"]
[EventCountry "DEN"]
[SourceTitle "playchess.com"]
[Source "ChessBase"]
[SourceQuality "1"]

{[%evp 18,86,20,10,16,22,29,0,7,8,16,16,93,89,116,108,118,65,91,64,75,77,72,73,126,87,80,0,137,84,131,91,140,127,99,55,53,57,56,20,20,7,6,-75,-75,-210,-217,-208,-222,-231,-134,-136,-139,-127,-102,-102,-85,-93,-100,-112,-107,-113,-104,-108,-88,-89,-69,-83,-63,-77,0]} 1. c4 e5 2. Nc3 Nc6 3. Nf3 Nf6 4. e3 Bb4 5. Qc2 O-O 6. Nd5 d6 {A28: English Opening: Four Knights Variation} (6... Be7 7. a3 d6 8. Ng5 g6 9. Nxe7+ Qxe7 10. d3 Ng4 11. Nf3 f5 12. h3 Nf6 13. b3 b6 14. Bb2 Bb7 {½-½ (46) Laznicka,V (2662)-Eljanov,P (2703) Batumi 2018}) 7. a3 Bc5 8. b4 Bb6 9. Nxb6 axb6 10. Bb2 {LiveBook: 6 Games} Re8 11. d3 Bf5 12. e4 $146 ({Predecessor:} 12. Nh4 Bg4 13. h3 Be6 14. Be2 {0-1 (39) Gorovets,A (2488)-Kraai,J (2515) Burlingame 2015}) 12... Be6 13. Be2 Qe7 14. O-O Nb8 (14... Nd7 $11) 15. d4 $16 exd4 16. Nxd4 Bd7 17. f3 (17. Nb5 $16) 17... Nc6 18. Rfe1 Nxd4 19. Bxd4 Nh5 20. Qd2 Qh4 ({Black should try} 20... h6) 21. Bf2 Qf6 22. Bd4 (22. Be3 $16) 22... Qe7 (22... Qh4 $1 $11) 23. Bd3 (23. g4 $142 Nf6 24. g5 Nxe4 25. fxe4) 23... Qh4 24. g3 Qh3 25. Bf1 Qe6 26. Qg5 Qg6 27. Qxg6 hxg6 28. e5 c5 29. Bc3 {Threatens to win with Red1.} dxe5 30. Bxe5 (30. g4 $11 {remains equal.} Nf4 31. Rxe5) 30... cxb4 $17 31. Bd4 {[#]} (31. g4 $17 {was necessary.}) 31... Rxe1 $1 $19 ({Less strong is} 31... Rxa3 32. Rxe8+ Bxe8 33. Rb1 $15) 32. Rxe1 bxa3 33. Bxb6 Bc6 (33... a2 $19 34. Ra1 Nf6) 34. Kf2 Nf6 35. Bd4 Ra4 36. Ra1 Ne8 37. Bc5 a2 38. Ke3 Nc7 39. Bd6 Ne6 40. Be2 Ra8 41. Bb4 b6 42. Bd1 Nc5 43. Bc2 Na6 {Precision: White = 48%, Black = 38%.} (43... g5 $17) 1/2-1/2

[Event "Odense-ch Mester-1 2018"]
[Site "Odense"]
[Date "2018.10.13"]
[Round "3"]
[White "Rossen, Claus"]
[Black "Easwaralingam, Adesh"]
[Result "1-0"]
[WhiteElo "2104"]
[BlackElo "2159"]
[Annotator "NA"]
[PlyCount "71"]
[EventDate "2018.10.12"]
[EventType "tourn"]
[EventCountry "DEN"]
[SourceTitle "playchess.com"]
[Source "ChessBase"]
[SourceQuality "1"]
[TimeControl "40/5400+30:1800+30"]

1. e4 {[%emt 0:00:00]} c5 {[%emt 0:00:00]} 2. Nc3 {[%emt 0:00:00]} a6 {[%emt 0:00:00]} 3. a4 {[%emt 0:00:00]} e6 {[%emt 0:00:00]} 4. g3 {[%emt 0:05:07]} Nc6 {[%emt 0:00:23]} 5. Bg2 {[%emt 0:00:08]} Nf6 {[%emt 0:00:06]} 6. Nge2 {[%emt 0:01:21]} d6 {[%emt 0:11:08]} 7. O-O {[%emt 0:00:14]} Be7 {[%emt 0:00:28]} 8. d4 {[%emt 0:00:12]} cxd4 {[%emt 0:00:08]} 9. Nxd4 {[%emt 0:00:05]} Nxd4 {[%emt 0:02:17]} 10. Qxd4 {[%emt 0:00:12]} e5 {[%emt 0:00:26]} 11. Qd3 {[%emt 0:01:00]} O-O {[%emt 0:04:38]} 12. a5 {[%emt 0:02:54]} Be6 {[%emt 0:04:10]} 13. Bg5 {[%emt 0:05:15]} Qc7 {[%emt 0:01:31]} 14. Bxf6 {[%emt 0:03:16]} Bxf6 {[%emt 0:00:14]} 15. Rfd1 {[%emt 0:00:05]} Rfd8 {[%emt 0:03:45]} 16. Nd5 {[%emt 0:01:45]} Bxd5 {[%emt 0:00:11]} 17. Qxd5 {[%emt 0:00:45]} Qd7 {[%emt 0:06:47]} 18. c4 {[%emt 0:07:03]} Rac8 {[%emt 0:03:07]} 19. b4 {[%emt 0:02:00]} Qc6 {[%emt 0:02:48]} 20. Bf1 {[%emt 0:07:45]} Kf8 {[%emt 0:10:13]} 21. b5 {[%emt 0:02:25]} Qxd5 {[%emt 0:03:34]} 22. Rxd5 {[%emt 0:00:32]} Rc5 {[%emt 0:01:58]} 23. Rb1 {[%emt 0:02:09]} Rxd5 {[%emt 0:09:37]} 24. cxd5 {[%emt 0:02:57]} Bg5 {[%emt 0:01:59]} 25. bxa6 {[%emt 0:02:48]} bxa6 {[%emt 0:00:12]} 26. Rb6 {[%emt 0:00:31]} Ra8 {[%emt 0:02:13]} 27. Rxd6 {[%emt 0:03:20]} Bd2 {[%emt 0:00:30]} 28. Rd7 {[%emt 0:01:53]} Ke8 {[%emt 0:04:32]} 29. Rb7 {[%emt 0:01:13]} Bxa5 {[%emt 0:02:53]} 30. d6 {[%emt 0:06:27]} Rd8 {[%emt 0:00:43]} 31. Re7+ {[%emt 0:00:31]} Kf8 {[%emt 0:00:05]} 32. Bc4 {[%emt 0:02:42]} f6 {[%emt 0:03:03]} 33. Rf7+ {[%emt 0:00:51]} Kg8 {[%emt 0:00:01]} 34. Rxf6+ {[%emt 0:02:35]} Kh8 {[%emt 0:00:06]} 35. Re6 {[%emt 0:00:20]} Bb4 {[%emt 0:01:54]} 36. d7 {[%emt 0:00:25]} 1-0

[Event "Odense-ch Mester-1 2018"]
[Site "Odense"]
[Date "2018.10.13"]
[Round "3"]
[White "Thorsbro, Peter"]
[Black "Rendboe, John Filip"]
[Result "1-0"]
[WhiteElo "2101"]
[BlackElo "2103"]
[Annotator "TA"]
[PlyCount "119"]
[EventDate "2018.10.12"]
[EventType "tourn"]
[EventCountry "DEN"]
[SourceTitle "playchess.com"]
[Source "ChessBase"]
[SourceQuality "1"]

{[%evp 19,119,1,18,0,0,0,0,0,-3,-9,-14,-1,0,0,13,-56,-50,-83,-89,-76,-85,-112,-105,-114,-110,-114,-101,-118,141,154,143,148,179,152,166,133,188,176,200,201,227,233,217,183,183,174,162,150,157,81,87,93,212,206,208,212,186,0,0,0,0,0,0,0,200,210,210,199,366,166,187,91,91,91,74,74,72,54,54,56,56,63,68,58,66,65,184,193,456,454,453,188,5612,5597,5521,2641,29967,29968,29974,29975,29975,29975]} 1. d4 d5 2. c4 e6 3. Nc3 Be7 4. Nf3 Nf6 5. Bg5 O-O 6. e3 h6 7. Bh4 b6 8. Bd3 Bb7 9. O-O c5 10. Qe2 Nbd7 11. Rad1 {D58: Queen's Gambit Declined: Tartakower Defence} (11. Rfd1 cxd4 12. Nxd4 Nc5 13. Bxf6 Bxf6 14. cxd5 Bxd4 15. exd4 Nxd3 16. Qxd3 Bxd5 17. Re1 Rc8 18. Rad1 Rc7 19. Qg3 Rd7 {0-1 (62) Salem,A (2638)-Carlsen,M (2837) Riadh 2017}) 11... Ne4 12. Bxe7 Qxe7 13. Bxe4 {The position is equal.} dxe4 14. Nd2 f5 15. f3 {[%cal Rf3e4]} exf3 16. Nxf3 {[#]} e5 $146 ({Predecessor:} 16... Rad8 17. e4 cxd4 18. Nxd4 fxe4 19. Nxe4 Rxf1+ 20. Rxf1 {0-1 (26) Arias Torio,S (2170)-Oms Pallisse,J (2511) Tarragona 2006}) 17. d5 (17. dxc5 $11 Bxf3 18. Qxf3 Nxc5 19. Qd5+ Kh7 20. Qd6) 17... e4 $15 18. Ne1 Ne5 19. b3 Rad8 20. Qh5 Bc8 21. h3 Rd6 22. Rd2 Bd7 23. Rdf2 Nf3+ $2 {[%mdl 8192]} (23... Rdf6 $17 {stays on course.}) 24. Nxf3 $16 exf3 25. Qxf3 Re8 26. Re1 Rf6 27. Qg3 Kh7 (27... Ref8 $16 28. Ref1 Be8) 28. e4 $18 {Hoping for e5.} fxe4 29. Rxe4 Qd8 30. Rxe8 Bxe8 31. Rxf6 Qxf6 32. Qd3+ Bg6 33. Qd2 Bf5 34. d6 ({White should play} 34. Qf4) 34... Qe5 35. Nb5 (35. d7 $6 Bxd7 36. Qxd7 Qxc3 $11) 35... a6 (35... Qa1+ $16 36. Kf2 Qf6) 36. Nc3 $1 Bd7 37. Na4 $1 {[%cal Ra4b6]} Qa1+ 38. Kh2 $2 (38. Kf2 $1 $18 Qf6+ 39. Kg3) 38... Qe5+ $11 39. Kh1 Qa1+ 40. Kh2 {And now Qd3+ would win.} Qe5+ 41. Kg1 $2 (41. g3 $11) 41... Qa1+ $18 42. Kf2 $1 Qf6+ 43. Kg3 $1 b5 $2 (43... h5 {keeps fighting.}) 44. cxb5 (44. Nb6 $142 Bc6 45. d7) 44... Bxb5 45. Qc2+ (45. Nb2 $18 {has better winning chances.}) 45... g6 $16 46. Qxc5 g5 {[%csl Gg5][%cal Rf6f4]} 47. Qc2+ Kg8 {[%csl Gg5][%cal Rf6f4]} 48. Qd2 Qe5+ 49. Kf2 Qf6+ $1 50. Kg1 {Nb6 is the strong threat.} Qa1+ 51. Kh2 Qe5+ 52. g3 {aiming for Nb6.} h5 {[#]} (52... Bc6 $1 $14 53. Qd3 (53. d7 Bxd7 54. Qg2 Be6 $14) 53... Kg7) 53. Nb6 $1 $18 ({Don't do} 53. d7 $6 Bxd7 54. Nb6 (54. Qxd7 Qe2+ 55. Kh1 Qf1+ 56. Kh2 Qf2+ 57. Kh1 Qf1+ 58. Kh2 Qf2+ 59. Kh1 Qf1+ $11) 54... Bc6 $11) 53... Kf7 $2 (53... Kg7) 54. Qd5+ Qxd5 55. Nxd5 {KB-KN} Ke6 $2 {[#]} (55... Bc6) 56. Nc7+ $1 Kxd6 57. Nxb5+ axb5 58. a4 {White mates.} bxa4 59. bxa4 Kc5 60. Kg2 {Precision: White = 51%, Black = 34%.} 1-0